000 00517nam a2200181Ia 4500
001 11615
005 20260306162841.0
008 260306t2005||||xx |||||||||||||| ||spa||
041 _aESP
082 _a985.401
_bA69
100 _aCentro de Investigaciones Arqueológicas de Arequipa
_eAUT
245 0 _aArequipa:
_bmemoria y arte prehispánico: una exposición sobre la Arqueología del Sur
260 _c2005
300 _a24 páginas :
_c20 cm.
650 _aGEN
654 _aCHU
942 _cLIB
_dJUS
_fJUS
_2ddc
_n
999 _c11615
_d11615